Ligue 1 - Tous les clubs - Combien en trouverez-vous? - Statistiques

Statistiques générales
  • Ce quiz a été pris 89 fois
  • Le résultat moyen est 16 sur 18
Statistiques - réponses
Clubs de Ligue 1 % Correct
Paris-SG
100%
Lille
99%
Lyon
99%
Marseille
97%
Nantes
96%
Nice
96%
Lens
95%
Rennes
93%
Toulouse
93%
Monaco
92%
Strasbourg
92%
Brest
89%
Lorient
89%
Angers
87%
Metz
87%
Auxerre
84%
Paris-FC
83%
Le Havre
79%
Aucun quiz correspondant
Distribution des résultats
% des personnes avec chaque résultat
Percentile par nombre de réponses
Votre historique - résultats
Vous n’avez pas pris ce quiz